000 01008nam a2200265 a 4500
005 20200104041730.0
008 110711s2007 pe ab gr 00010 spa d
020 _a9789972787294
040 _aCO-BoBLA
_cCO-BoBLA
_dCO-BoIAVH
041 1 _aspa
_aeng
044 _ape
082 0 4 _a551.6
_bY66y
245 1 3 _a¿Y por dónde comenzamos?:
_bPrioridades de la Comunidad Andina ante el cambio climático
246 0 0 _aWhere do we start?
_bThe Andean Community´s top climate change priorities
260 _aLima :
_bSecretaria General de la Comunidad Andina,
_c2007.
300 _a42 p., 42p. :
_bil.,tab., graf., col.;
_c26 cm.
500 _aIncluye anexos.
504 _aIncluye referencias bibliográficas.
650 _aEfecto invernadero.
_994112
650 _aClimatología.
_9288
650 _aCalentamiento global
_x Aspectos ambientales.
_935338
650 _aCambios climáticos
_x Aspectos ambientales.
_935339
650 _aCambios climáticos
_x Prevención.
_935340
942 _2ddc
_cLIBRO
999 _c17536
_d17536